Poema de Chile
Enregistré dans:
| Format: | Livre |
|---|---|
| Langue: | espagnol |
| Publié: |
Santiago
Seix Barral
1985
|
| Collection: | Literatura Contemporánea
|
| Sujets: | |
| Tags: |
Ajouter un tag
Pas de tags, Soyez le premier à ajouter un tag!
|
MARC
| LEADER | 00000cam a2200000 a 4500 | ||
|---|---|---|---|
| 001 | UCN3382 | ||
| 003 | CL-VaPUC | ||
| 008 | 010622e19850000CL |||||||||||||||||spa|d | ||
| 082 | 0 | 4 | |a Ch861 |b MIS |2 21 |
| 245 | 1 | 0 | |a Poema de Chile |
| 300 | |a 205 p | ||
| 942 | |c BK | ||
| 945 | |d 20010622 00:00:00 |a vberengu | ||
| 260 | |a Santiago |b Seix Barral |c 1985 | ||
| 650 | 0 | |a Poesías chilenas |9 265280 | |
| 650 | 0 | |a Literatura chilena |9 308278 | |
| 583 | |a last modification |c 20160407 12:31:21 |k Rodrigo Vera | ||
| 490 | 0 | |a Literatura Contemporánea | |
| 999 | |c 296293 |d 296291 | ||
| 952 | |0 0 |1 0 |4 0 |6 CH_861_000000000000000_MIS_1985 |7 0 |8 A |9 349963 |a BIBEDU |b BIBEDU |c ES_NOD |d 2019-11-20 |i 3735222 |l 1 |o Ch861 MIS 1985 |p 3735222 |r 2023-11-29 |s 2023-11-29 |w 2019-11-20 |y BK |k LIT | ||
| 952 | |0 0 |1 0 |3 erb |4 0 |6 CH_861_000000000000000_MIS_1985 |7 0 |8 A |9 349966 |a BIBCUR |b BIBCUR |i 5269563 |l 3 |o Ch861 MIS 1985 |p 5269563 |r 2025-04-22 |s 2024-09-09 |w 2019-11-20 |y BK |z Catalogado en:20160407 |k PER | ||